Pozycja Personal Name
Liczba rekordów, w których użyto hasła: 1
001 - Numer kontrolny
- control field: 40174
003 - Identyfikator numeru kontrolnego
- control field: NUKAT
005 - Data i czas ostatniej modyfikacji
- control field: 20260416131316.0
008 - Dane kontrolne kodowane (40 znaków)
- fixed length control field: 050120n||azznnbabn |a aaa |
010 ## - Numer kontrolny Biblioteki Kongresu
- numer kontrolny LC: p 2004410251
024 7# - OTHER STANDARD IDENTIFIER
- Standard number or code: 101787139
- Source of number or code: viaf
035 ## - Numer systemowy
- numer systemowy: a11807209
035 ## - Numer systemowy
- numer systemowy: (PL)a0000001180720
040 ## - Instytucja sporządzająca rekord
- inst. przygot. dane do rek. khw: WA N
- język haseł przedmiotowych/tezaurus: DBN
- inst. wprow. rek. khw: WA N
043 ## - Kod obszaru geograficznego
- ISO code: GE
- ISO code: RU
046 ## - Special dates
- Birth date: 1878
- Death date: 1953
100 1# - Hasło - nazwa osobowa
- nazwa osobowa w formie ujednoliconej: Stalin, Józef
- daty biograficzne: (1878-1953)
368 ## - Other Attributes
- Other designation: Przywódcy i głowy państw
370 ## - Associated place
- Country: Gruzja
370 ## - Associated place
- Country: Rosja
370 ## - Associated place
- Country: ZSRR
372 ## - Field of activity
- Field: Polityka
373 ## - Associated Group
- Associated group: Komunistyczna Partia Związku Radzieckiego (KPZR)
374 ## - Occupation
- Occupation: Politycy
375 ## - Gender
- Gender: 1
- Source of term: iso5218
377 ## - Assoc lang
- Lang code: rus
400 1# - Trop zob. - nazwa osobowa
- nazwa osobowa (nazwisko, imiona): Džugašvili, Iosif Vissarionovič
- daty biograficzne: (1878-1953)
400 1# - Trop zob. - nazwa osobowa
- nazwa osobowa (nazwisko, imiona): Dżugaszwili, Józef Wissarionowicz
- daty biograficzne: (1878-1953)
400 1# - Trop zob. - nazwa osobowa
- nazwa osobowa (nazwisko, imiona): Staline, Iosif Vissarionovitch
- daty biograficzne: (1878-1953)
400 1# - Trop zob. - nazwa osobowa
- nazwa osobowa (nazwisko, imiona): Stalin, Josif
- daty biograficzne: (1878-1953)
400 1# - Trop zob. - nazwa osobowa
- nazwa osobowa (nazwisko, imiona): Stalin, Iosif Vissarionovič
- daty biograficzne: (1878-1953)
400 1# - Trop zob. - nazwa osobowa
- nazwa osobowa (nazwisko, imiona): Stalin, J. W.
- daty biograficzne: (1878-1953)
400 1# - Trop zob. - nazwa osobowa
- nazwa osobowa (nazwisko, imiona): Stalin, Joseph
- daty biograficzne: (1878-1953)
400 1# - Trop zob. - nazwa osobowa
- nazwa osobowa (nazwisko, imiona): Staline, J.
- daty biograficzne: (1878-1953)
400 1# - Trop zob. - nazwa osobowa
- nazwa osobowa (nazwisko, imiona): Sy-ta-lin
- daty biograficzne: (1878-1953)
550 ## - Trop zob. też - nazwa pospolita
- nazwa posp. lub nazwa geogr. na pocz.: Operacja Długi Skok (1943)
550 ## - Trop zob. też - nazwa pospolita
- nazwa posp. lub nazwa geogr. na pocz.: Stalinizm
670 ## - Źródło informacji
- źródło informacji: EPop.'91
- gdzie znaleziono informację: rok ur. 1879
670 ## - Źródło informacji
- źródło informacji: Bol. Sov. Enc.
- gdzie znaleziono informację: rok ur. 1878
670 ## - Źródło informacji
- źródło informacji: Wikipedia.
- adres internetowy: https://pl.wikipedia.org/wiki/J%C3%B3zef_Stalin